Podpora testovania v distribuovaných reaktívnych systémoch založená na identifikácii diagramov sekvencií
Gespeichert in:
| 1. Verfasser: | |
|---|---|
| Weitere Verfasser: | |
| Format: | Manuskript Buch |
| Sprache: | Slowakisch |
| Veröffentlicht: |
2024
|
| Schlagworte: | |
| Online-Zugang: | http://is.stuba.sk/zp/portal_zp.pl?podrobnosti=177205 |
| Tags: |
Keine Tags, Fügen Sie das erste Tag hinzu!
|
MARC
| LEADER | 00000ntm a22000003a 4500 | ||
|---|---|---|---|
| 001 | stuzp100126 | ||
| 003 | SK-STU | ||
| 005 | 20240608213416.9 | ||
| 007 | ta | ||
| 008 | 150427s2015----xo-----f-mn---000-0-slo-d | ||
| 040 | |a STU |b slo | ||
| 041 | 0 | |a slo | |
| 100 | 1 | |a Klíma, Viktor |u 070200 |4 aut |U FIIT Fakulta informatiky a informačných technológií |T FIIT Ústav informatiky, informačných systémov a softvérového inžinierstva |X 92050 |U I200 |Y 179 |7 92050 | |
| 242 | 0 | 1 | |a Testing support in distributed reactive systems based on sequence diagram identification |y eng |
| 245 | 1 | 0 | |a Podpora testovania v distribuovaných reaktívnych systémoch založená na identifikácii diagramov sekvencií |
| 260 | |c 2024 | ||
| 650 | 4 | |a asynchrónnizmus |2 slo | |
| 650 | 4 | |a kybernetická bezpečnosť |2 slo | |
| 650 | 4 | |a sekvenčný diagram |2 slo | |
| 650 | 4 | |a distribuované systémy |2 slo | |
| 650 | 4 | |a reaktívne systémy |2 slo | |
| 650 | 4 | |a hybridné hrozby |2 slo | |
| 650 | 4 | |a distributed systems |2 eng | |
| 650 | 4 | |a reactive systems |2 eng | |
| 650 | 4 | |a asynchrony |2 eng | |
| 650 | 4 | |a cyber security |2 eng | |
| 650 | 4 | |a hybrid threats |2 eng | |
| 650 | 4 | |a sequence diagram |2 eng | |
| 700 | 1 | |a Lang, Ján |u 070200 |k Z1 |4 ths |U FIIT Fakulta informatiky a informačných technológií |T FIIT Ústav informatiky, informačných systémov a softvérového inžinierstva |X 60247 |U I200 |Y 179 |7 60247 | |
| 856 | 4 | |u http://is.stuba.sk/zp/portal_zp.pl?podrobnosti=177205 | |